00676nam a22001817a 450000500170000001000150001702000300003203500140006203700130007608200130008910000230010224500820012526000440020727001110025130000890036270000190045170000240047020210408172529.0 aENG-129410 c795.00a978-93-88016-46-9 aEN-112942 bDBAD/PUB a371.9046 aMishra, Premananda aInclusive Education/bPremananda Mishra, Farzana Shehla and K. Srinivas Reddy aNew DelhibNeelkamal Publicationsc2020 a4764/1, 23, Ansari Road, DaryaganjbNew Delhie110002k011-23244237, 98118-28953mneelkamalbooks@gmail.com axii+202p.c24cm(hbk)bincluding bibliographical references, index and illustrations. aFarzana Shehla aReddy, K. Srinivas